000 00470nam a2200145Ia 4500
003 OSt
005 20260129112829.0
008 211028s2018 xx 000 0 und d
040 _cAIMIT LIBRARY
041 _aeng
100 _aDSilva, Lavel Veevan; P V Sumitha.
_g1616090
_97846
245 _aStudy on consumer preference for organised retail over unorganized retail outlet with reference to big bazaar /
260 _aMangalore
_bP V Sumitha.
_c2018
942 _2ddc
_cPRO
999 _c219414
_d219414